| 000 | 01083nam a22003257a 4500 | ||
|---|---|---|---|
| 001 | 0007755 | ||
| 003 | KOHA_MİRAKIL | ||
| 005 | 20260207001609.0 | ||
| 007 | ta | ||
| 008 | 070411b2008 us |||gr||||#||||0|eng | | ||
| 020 | _a9780821371411 | ||
| 040 |
_aTR-BiSEU _btur _cTR-BiSEU _erda |
||
| 041 | 0 | _aeng | |
| 044 | _cus | ||
| 050 |
_aHG3368 _b.G74 2008 |
||
| 100 | 1 | _aGreuning, Hennie van. | |
| 245 | 1 |
_aRisk analysis for Islamic banks/ _cHennie van Greuning ; Hennie van Greuning and Zamir Iqbal. |
|
| 264 | 1 |
_aWashington, D.C. : _bWorld Bank _c2008 |
|
| 300 | _aXXIV, 309 pages: illustrated; 20 cm | ||
| 336 |
_ametin _btxt _2rdacontent |
||
| 337 |
_aaracısız _bn _2rdamedia |
||
| 338 |
_acilt _bnc _2rdacarrier |
||
| 500 | _aIncludes bibliographical references and index. | ||
| 650 | 0 |
_aBanks and banking--Islamic countries. _919249 |
|
| 650 | 0 |
_aFinancial institutions--Islamic countries. _919250 |
|
| 650 | 0 |
_aRisk management. _91679 |
|
| 650 | 0 |
_aBank management--Islamic countries. _919251 |
|
| 650 | 0 |
_aFinance--Islamic countries. _919252 |
|
| 942 |
_2lcc _cBK |
||
| 999 |
_c7732 _d7732 |
||